| 000 | 00880nam a2200265 a 4500 | ||
|---|---|---|---|
| 008 | |||
| 049 | _aMAIN | ||
| 090 |
_aQA76 _bCOM |
||
| 245 | 1 | 0 |
_aComputing and information skills fundamentals 1 / _cedited by S.O. Ojo.. [et al.] |
| 260 |
_aGarberone : _bDepartment of Computer Science, University of Botswana, _c2003. |
||
| 300 |
_axi, 177 p. ; _c22 cm. |
||
| 490 | _aUniversity of Botswana Lecture Notes Series. | ||
| 504 | _aIncludes bibliographical references. | ||
| 500 | _aIncludes index. | ||
| 650 | 1 | _aComputing skills. | |
| 650 | _aInformation literacy skills. | ||
| 700 | _aMogotlhwane, T. | ||
| 700 | _aOjo, S.O. | ||
| 700 |
_aDept. of Computer Science: _bUniversity of Botswana. |
||
| 907 |
_a.b10225122 _b24-09-15 _c19-01-07 |
||
| 003 | |||
| 005 | 20230123134330.0 | ||
| 040 | _cNUST | ||
| 942 |
_cBOOKS _kQA76 _mCOM |
||
| 999 |
_c164065 _d164065 |
||